Most Common Wrong Answers - Statistics

General Stats
  • This quiz has been taken 7 times
  • The average score is 7 of 10
Answer Stats
Question Answer % Correct
Francisco Franco held the rank of Generalissimo. Who did most people incorrectly think held that rank? Benito Mussolini
100%
In Islamic law, the maximum number of wives a man can have at any time is 4. What did most people think the maximum was? No Limit
100%
Antarctica spans the most degrees of longitude. What continent did most people think spanned the most? Asia
86%
A field marshal is the highest rank in the military out of the given options. What did people incorrectly think was the highest rank? Major general
86%
Wild Wild West is both a Will Smith song and a movie he starred in. What did most people think was a song he sang and a movie he starred in? Bad Boys
71%
James Dean did not die in a plane crash. Who did most people think did not die in a plane crash? John F. Kennedy Jr.
71%
Kobe suffered a devastating earthquake in 1995 which killed about 5,000 people. Which city did most people think suffered this earthquake? Kathmandu
71%
Portugal introduced matchlock firearms to China and Japan. What invention did most people incorrectly think Portugal introduced? The compass
71%
Star Trek: The Next Generation featured a seemingly omnipotent being named Q? What TV show did most people incorrectly think featured Q? Doctor Who
57%
Steve Fossett became, in 2002, the first person to fly around the world non-stop in a balloon. Who did most people think was the first to do it? Bertrand Piccard
29%
No matching quizzes found
Score Distribution
Percent of People with Each Score
Percentile by Number Answered
Your Score History
You have not taken this quiz